| 000 | 00966nam a2200253 i 4500 | ||
|---|---|---|---|
| 001 | bg | ||
| 245 | 0 | 0 |
_aWielki słownik angielsko-polski PWN-Oxford = _bEnglish-Polish dictionary / _cred. nauk. Barbara Lewandowska-Tomaszczyk, okresowo Jacek Fisiak, Tadeusz Piotrowski ; aut. haseł Paweł Beręsewicz [et al.]. |
| 260 |
_aWarszawa : _bWydawnictwo Naukowe PWN ; _a[Oxford] : _bOxford University Press, _c2004. |
||
| 300 |
_aIX, 1428 s. ; _c27 cm. |
||
| 655 | 4 | _aSłowniki angielsko-polskie | |
| 700 | 1 |
_aHarris, Emma. _eRed. |
|
| 700 | 1 |
_aPolanski, Kazimierz. _eRed. |
|
| 700 | 1 |
_aSaloni, Zygmunt. _eRed. |
|
| 700 | 1 | _aBeręsewicz, Paweł | |
| 020 | _a8301141360 (PWN) | ||
| 040 | _cBPK | ||
| 041 | 1 |
_apol _aeng |
|
| 080 | _a811.162.1'374 | ||
| 080 | _a811.111'374 | ||
| 920 | _a83-01-14136-0 (PWN) | ||
| 942 | _cKS | ||
| 008 | 040511s2004 pl d |000 0 pol | ||
| 999 |
_c44141 _d44141 |
||